[Event "WchT Seniors 50"]
[Site "Prague"]
[Date "2025.02.20"]
[Round "4.4"]
[White "Rachels, Stuart"]
[Black "Lipka, Juraj"]
[Result "0-1"]
[WhiteElo "2466"]
[BlackElo "2348"]
[PlyCount "139"]
[EventDate "2025.02.17"]
[EventType "team-swiss"]
[EventRounds "9"]
[EventCountry "CZE"]
[SourceTitle "CB09_2025"]
[SourceDate "2025.02.27"]
[SourceVersion "1"]
[SourceVersionDate "2025.02.27"]
[SourceQuality "1"]
[WhiteTeam "USA 50"]
[BlackTeam "Slovakia 50"]
[WhiteTeamCountry "USA"]
[BlackTeamCountry "SVK"]

1. e4 e6 2. d4 d5 3. Nd2 c5 4. exd5 exd5 5. Ngf3 Nc6 6. Bb5 Qe7+ 7. Be2 Qc7 8. 0-0 Nf6 9. dxc5 Bxc5 10. Nb3 Be7 11. Re1 0-0 12. c3 h6 13. Be3 Re8 14. h3 Bf5 15. Nbd4 Bg6 16. Nh4 Bh7 17. Nhf5 Bf8 18. Bd3 Ne4 19. Qg4 Ne5 20. Qf4 g5 21. Qh2 Bxf5 22. Nxf5 Qd7 23. Bxe4 dxe4 24. Ng3 f5 25. Bd4 Bd6 26. h4 g4 27. Qh1 Qf7 28. Bxe5 Bxe5 29. Nf1 h5 30. g3 Rad8 31. Qg2 Rd3 32. Re2 Red8 33. Ne3 Bc7 34. c4 Be5 35. Rb1 R8d4 36. b3 Rd2 37. Rbe1 Rxe2 38. Rxe2 f4 39. gxf4 Qxf4 40. Nf1 Qf3 41. Re3 Bf4 42. Re1 Kf7 43. Nh2 Qxg2+ 44. Kxg2 Bxh2 45. Kxh2 Kf6 46. Kg2 Ke5 47. Re2 Rd3 48. c5 Rc3 49. b4 Rc4 50. Rb2 Kd5 51. Kg3 Rc3+ 52. Kf4 Rf3+ 53. Kg5 g3 54. fxg3 Rxg3+ 55. Kxh5 e3 56. Kh6 Kc4 57. h5 Kc3 58. Rh2 Kd3 59. Kh7 e2 60. Rh1 Kd2 61. h6 Rg4 62. b5 Rg5 63. c6 Rxb5 64. Kg6 Rb6 65. h7 Rxc6+ 66. Kg7 Rc7+ 67. Kg6 Rc8 68. Kg7 e1Q 69. Rxe1 Kxe1 70. h8B 0-1

[Event "SVK-chT1W 2425"]
[Site "Slovakia"]
[Date "2025.02.01"]
[Round "6.6"]
[White "Lipka, Juraj"]
[Black "Stevik, Patrik1"]
[Result "1/2-1/2"]
[WhiteElo "2343"]
[BlackElo "2314"]
[PlyCount "81"]
[EventDate "2024.11.16"]
[EventType "team-tourn"]
[EventRounds "11"]
[EventCountry "SVK"]
[SourceTitle "CB14_2025"]
[SourceDate "2024.11.01"]
[SourceVersion "1"]
[SourceVersionDate "2024.11.01"]
[SourceQuality "1"]
[WhiteTeam "Nitra K CERO INVEST"]
[BlackTeam "Levice"]
[WhiteTeamCountry "SVK"]
[BlackTeamCountry "SVK"]

1. Nf3 d5 2. g3 c5 3. Bg2 Nc6 4. d4 e6 5. 0-0 Nf6 6. c4 dxc4 7. dxc5 Qxd1 8. Rxd1 Bxc5 9. Nbd2 c3 10. bxc3 0-0 11. Nb3 Be7 12. Nfd2 Rd8 13. Bb2 e5 14. c4 Bg4 15. Kf1 Rac8 16. Ne4 Be6 17. Nec5 Bxc4 18. Nxb7 Rxd1+ 19. Rxd1 Nb4 20. Bxe5 Nxa2 21. N3a5 Bb5 22. Bf3 h6 23. Rb1 a6 24. Bd6 Kf8 25. Rb2 Rc1+ 26. Kg2 Bxd6 27. Nxd6 Nc3 28. Nxb5 axb5 29. Nc6 Rb1 30. Rc2 Na4 31. Rd2 g5 32. h3 Nc5 33. Nd4 h5 34. Rc2 Ne6 35. Nf5 Kg8 36. Rc8+ Kh7 37. Rb8 g4 38. hxg4 hxg4 39. Bc6 b4 40. Nd6 Kg7 41. Nf5+ 1/2-1/2

[Event "SVK-chT2A 2425"]
[Site "Slovakia"]
[Date "2024.11.10"]
[Round "2.1"]
[White "Lipka, Juraj"]
[Black "Travenec, Igor"]
[Result "1-0"]
[WhiteElo "2350"]
[BlackElo "2134"]
[PlyCount "89"]
[EventDate "2024.11.09"]
[EventType "team-tourn"]
[EventRounds "11"]
[EventCountry "SVK"]
[SourceTitle "CB51_2024"]
[SourceDate "2024.12.18"]
[SourceVersion "1"]
[SourceVersionDate "2024.12.18"]
[SourceQuality "1"]
[WhiteTeam "Bratislava Lokomotiva"]
[BlackTeam "Bratislava Slovan III"]
[WhiteTeamCountry "SVK"]
[BlackTeamCountry "SVK"]

1. Nf3 Nf6 2. g3 d5 3. Bg2 c6 4. 0-0 g6 5. b3 Bg7 6. Bb2 0-0 7. c4 Nbd7 8. d4 Ne4 9. Nbd2 Ndf6 10. Ne5 Nxd2 11. Qxd2 Ne4 12. Qc2 f6 13. Nd3 Bf5 14. h3 g5 15. g4 Bg6 16. Rfc1 e6 17. cxd5 exd5 18. f3 Nd6 19. Re1 Re8 20. Qd2 h6 21. e3 Qd7 22. Nc5 Qf7 23. a4 Rad8 24. a5 f5 25. a6 b6 26. Nd3 fxg4 27. hxg4 Bxd3 28. Qxd3 Nb5 29. Qf5 Qxf5 30. gxf5 c5 31. Bf1 Nd6 32. Bd3 cxd4 33. Bxd4 Bxd4 34. exd4 Kf7 35. Re5 Nc8 36. Rc1 Re7 37. Rc6 Nd6 38. Rxd5 Red7 39. Re5 Rc8 40. Bc4+ Nxc4 41. Rxc8 Nxe5 42. dxe5 Rd5 43. Rc7+ Kf8 44. Rxa7 Rxe5 45. Rb7 1-0

[Event "SVK-chT2A 2425"]
[Site "Slovakia"]
[Date "2024.11.09"]
[Round "1.1"]
[White "Hitka, Dominik"]
[Black "Lipka, Juraj"]
[Result "0-1"]
[WhiteElo "1927"]
[BlackElo "2350"]
[PlyCount "48"]
[EventDate "2024.11.09"]
[EventType "team-tourn"]
[EventRounds "11"]
[EventCountry "SVK"]
[SourceTitle "CB51_2024"]
[SourceDate "2024.12.18"]
[SourceVersion "1"]
[SourceVersionDate "2024.12.18"]
[SourceQuality "1"]
[WhiteTeam "Bratislava Slovan IV"]
[BlackTeam "Bratislava Lokomotiva"]
[WhiteTeamCountry "SVK"]
[BlackTeamCountry "SVK"]

1. e4 c5 2. Nc3 Nc6 3. Bb5 g6 4. Bxc6 bxc6 5. d3 Bg7 6. Be3 Rb8 7. Na4 d6 8. Bd2 f5 9. exf5 Bxf5 10. Ne2 Nf6 11. Bc3 e5 12. b3 Nd5 13. Bb2 Qg5 14. g3 Bg4 15. Nac3 Nxc3 16. Bxc3 Bf3 17. h4 Qh5 18. Rh2 0-0 19. Kf1 Rbe8 20. Qe1 d5 21. Ng1 d4 22. Bd2 e4 23. Qc1 e3 24. Nxf3 Qxf3 0-1

[Event "Bratislava exe op 2nd"]
[Site "Bratislava"]
[Date "2024.09.19"]
[Round "6"]
[White "Mehlhorn, David"]
[Black "Lipka, Juraj"]
[Result "1/2-1/2"]
[WhiteElo "2028"]
[BlackElo "2354"]
[PlyCount "120"]
[EventDate "2024.09.14"]
[EventType "swiss"]
[EventRounds "9"]
[EventCountry "SVK"]
[SourceTitle "EXT 2025"]
[Source "ChessBase"]
[SourceDate "2024.10.14"]
[SourceVersion "1"]
[SourceVersionDate "2024.10.14"]
[SourceQuality "1"]

1. e4 d5 2. exd5 Qxd5 3. Nc3 Qd6 4. Bc4 Nf6 5. h3 a6 6. Nf3 b5 7. Bb3 Bb7 8. d4 Nbd7 9. Be3 e6 10. Qe2 c5 11. dxc5 Nxc5 12. 0-0 Nxb3 13. axb3 Qc6 14. Rad1 Be7 15. Bd4 0-0 16. Na2 Rac8 17. c3 Rfd8 18. Nc1 Qe4 19. Qxe4 Bxe4 20. Bxf6 Bxf6 21. b4 Kf8 22. Rxd8+ Bxd8 23. Nb3 Bb6 24. Ra1 Bxf3 25. gxf3 Ra8 26. Kf1 Ke7 27. Rd1 g5 28. Ke2 f5 29. h4 gxh4 30. Rh1 h5 31. Rxh4 Rh8 32. f4 Kd6 33. Nc1 Bd8 34. Rh3 h4 35. Nd3 Bf6 36. Nc5 Kc6 37. Nxe6 Kd5 38. Nc7+ Ke4 39. Ne6 Kd5 40. Ng5 Kc4 41. Kd2 Kb3 42. Kc1 Re8 43. Nf3 Kc4 44. Kc2 Re2+ 45. Nd2+ Kd5 46. Rd3+ Ke6 47. Re3+ Rxe3 48. fxe3 h3 49. Nf1 Bh4 50. Kd3 Kd5 51. Ke2 Kc4 52. Nd2+ Kd5 53. Kf1 h2 54. Kg2 Bf2 55. Nf1 Bg1 56. b3 Kc6 57. c4 Kb6 58. Kh1 Kc6 59. Kg2 Kb6 60. Kh1 Kc6 1/2-1/2

[Event "Bratislava exe op 2nd"]
[Site "Bratislava"]
[Date "2024.09.18"]
[Round "5"]
[White "Lipka, Juraj"]
[Black "Ihnat, Marek1"]
[Result "1-0"]
[WhiteElo "2354"]
[BlackElo "2094"]
[PlyCount "87"]
[EventDate "2024.09.14"]
[EventType "swiss"]
[EventRounds "9"]
[EventCountry "SVK"]
[SourceTitle "EXT 2025"]
[Source "ChessBase"]
[SourceDate "2024.10.14"]
[SourceVersion "1"]
[SourceVersionDate "2024.10.14"]
[SourceQuality "1"]

1. Nf3 Nf6 2. g3 g6 3. b3 Bg7 4. Bb2 0-0 5. Bg2 d5 6. c4 dxc4 7. bxc4 c6 8. 0-0 Bg4 9. d3 Qc8 10. Re1 Bh3 11. Bh1 h6 12. Nbd2 Nbd7 13. Rb1 Re8 14. Ne5 Nxe5 15. Bxe5 Qd7 16. Qb3 b6 17. Qb2 Rac8 18. a4 Qf5 19. Nf3 Nh5 20. Bxg7 Nxg7 21. Ne5 Qe6 22. c5 bxc5 23. Qc3 c4 24. Nxc4 Nh5 25. Rb7 Red8 26. Qe5 Rd7 27. Reb1 Nf6 28. Qxe6 Bxe6 29. Ne5 Rdc7 30. a5 Nd5 31. a6 Kg7 32. f4 f6 33. Nc4 Kf8 34. R1b3 c5 35. R3b5 Ke8 36. Kf2 Kd8 37. Na5 Nb4 38. Rxc7 Rxc7 39. Nb7+ Kc8 40. Nxc5 Bf7 41. Bb7+ Kd8 42. d4 Nd5 43. Bxd5 Bxd5 44. Nb7+ 1-0

[Event "SVK-chT 2324"]
[Site "Slovakia"]
[Date "2024.02.25"]
[Round "8.6"]
[White "Lipka, Juraj"]
[Black "Lanc, Alois"]
[Result "1/2-1/2"]
[WhiteElo "2377"]
[BlackElo "2248"]
[PlyCount "97"]
[EventDate "2023.11.04"]
[EventType "team-tourn"]
[EventRounds "11"]
[EventCountry "SVK"]
[SourceTitle "CBM 220 Extra"]
[Source "ChessBase"]
[SourceDate "2024.07.31"]
[SourceVersion "1"]
[SourceVersionDate "2024.07.31"]
[SourceQuality "1"]
[WhiteTeam "Modra"]
[BlackTeam "Bratislava Slovan"]
[WhiteTeamCountry "SVK"]
[BlackTeamCountry "SVK"]

1. d4 Nf6 2. Nc3 c5 3. d5 d6 4. e4 g6 5. Bb5+ Bd7 6. a4 Bg7 7. Nf3 0-0 8. h3 Na6 9. 0-0 Bxb5 10. axb5 Nc7 11. Qd3 a6 12. bxa6 Nxa6 13. Bf4 Ne8 14. Qd2 Nac7 15. e5 Rxa1 16. Rxa1 dxe5 17. Nxe5 Nf6 18. Rd1 e6 19. d6 Ncd5 20. Bh2 Nxc3 21. Qxc3 Nd7 22. Qe3 Bxe5 23. Bxe5 f6 24. Bc3 Re8 25. f4 Qc8 26. Qe4 Kf7 27. g4 f5 28. Qf3 Qc6 29. Qxc6 bxc6 30. Ra1 e5 31. Ra7 Ke6 32. Bxe5 Rf8 33. Rc7 g5 34. Rxc6 gxf4 35. Bxf4 fxg4 36. Bg3 gxh3 37. Kh2 Rb8 38. b3 Ra8 39. Kxh3 Ra2 40. c4 Rb2 41. Rc8 Rxb3 42. Re8+ Kf5 43. Re7 Nf6 44. d7 Rd3 45. Re5+ Kg6 46. Re6 Kf5 47. Re5+ Kg6 48. Re6 Kf5 49. Re5+ 1/2-1/2

[Event "SVK-chT1W 2324"]
[Site "Slovakia"]
[Date "2024.02.03"]
[Round "8.1"]
[White "Lipka, Juraj"]
[Black "Schwarz, Dusan"]
[Result "1/2-1/2"]
[WhiteElo "2377"]
[BlackElo "2297"]
[PlyCount "35"]
[EventDate "2023.10.21"]
[EventType "team-tourn"]
[EventRounds "11"]
[EventCountry "SVK"]
[SourceTitle "EXT 2025"]
[Source "ChessBase"]
[SourceDate "2024.10.14"]
[SourceVersion "1"]
[SourceVersionDate "2024.10.14"]
[SourceQuality "1"]
[WhiteTeam "Bratislava Lokomotiva"]
[BlackTeam "Bratislava Doprastav"]
[WhiteTeamCountry "SVK"]
[BlackTeamCountry "SVK"]

1. Nf3 d5 2. g3 Nd7 3. d4 Nb6 4. Nbd2 Nf6 5. Bg2 Bf5 6. Nh4 Bg4 7. h3 Bh5 8. g4 Bg6 9. Nxg6 hxg6 10. e4 Nxe4 11. Nxe4 dxe4 12. Bxe4 c6 13. a4 a5 14. Bg5 Qc7 15. Qf3 e6 16. Kf1 Be7 17. Bxe7 Kxe7 18. Qc3 1/2-1/2

[Event "SVK-chT 2324"]
[Site "Slovakia"]
[Date "2024.01.20"]
[Round "5.7"]
[White "Lipka, Juraj"]
[Black "Halak, Miklos"]
[Result "1/2-1/2"]
[WhiteElo "2377"]
[BlackElo "2248"]
[PlyCount "55"]
[EventDate "2023.11.04"]
[EventType "team-tourn"]
[EventRounds "11"]
[EventCountry "SVK"]
[SourceTitle "CBM 218 Extra"]
[Source "ChessBase"]
[SourceDate "2024.03.31"]
[SourceVersion "1"]
[SourceVersionDate "2024.03.31"]
[SourceQuality "1"]
[WhiteTeam "Modra"]
[BlackTeam "Cebovce"]
[WhiteTeamCountry "SVK"]
[BlackTeamCountry "SVK"]

1. Nf3 d5 2. g3 Nf6 3. Bg2 e6 4. d4 a6 5. 0-0 Nbd7 6. Nbd2 b6 7. e4 dxe4 8. Ng5 Bb7 9. Ngxe4 Qc8 10. b3 Be7 11. Bb2 0-0 12. Re1 Nxe4 13. Nxe4 Nf6 14. c4 Nxe4 15. Bxe4 Bxe4 16. Rxe4 Bf6 17. Qe2 c5 18. dxc5 Bxb2 19. Qxb2 Qxc5 20. Rd1 Rad8 21. Red4 Qc7 22. Qd2 Rxd4 23. Qxd4 h6 24. Qd7 Rc8 25. Qxc7 Rxc7 26. Rd8+ Kh7 27. Rd6 b5 28. cxb5 1/2-1/2

[Event "AUT-chT2O 2324"]
[Site "Austria"]
[Date "2023.11.04"]
[Round "4.2"]
[White "Schroll, Gerhard"]
[Black "Lipka, Juraj"]
[Result "1/2-1/2"]
[WhiteElo "2236"]
[BlackElo "2370"]
[PlyCount "32"]
[EventDate "2023.10.13"]
[EventType "team-tourn"]
[EventRounds "11"]
[EventCountry "AUT"]
[SourceTitle "EXT 2025"]
[Source "ChessBase"]
[SourceDate "2024.10.14"]
[SourceVersion "1"]
[SourceVersionDate "2024.10.14"]
[SourceQuality "1"]
[WhiteTeam "Mattersburg"]
[BlackTeam "Pamhagen"]
[WhiteTeamCountry "AUT"]
[BlackTeamCountry "AUT"]

1. d4 d5 2. c4 e6 3. Nc3 c5 4. cxd5 cxd4 5. Qa4+ Bd7 6. Qxd4 exd5 7. Qxd5 Nf6 8. Qd1 Nc6 9. e3 Bc5 10. Nf3 Qe7 11. Be2 0-0 12. 0-0 Rfd8 13. Bd2 Ne5 14. Nd4 Nc6 15. Nf3 Ne5 16. Nd4 Nc6 1/2-1/2

[Event "SVK-chT1W 2324"]
[Site "Slovakia"]
[Date "2023.10.21"]
[Round "1.1"]
[White "Lipka, Juraj"]
[Black "Jablonicky, Martin"]
[Result "1/2-1/2"]
[WhiteElo "2377"]
[BlackElo "2381"]
[PlyCount "24"]
[EventDate "2023.10.21"]
[EventType "team-tourn"]
[EventRounds "11"]
[EventCountry "SVK"]
[SourceTitle "EXT 2025"]
[Source "ChessBase"]
[SourceDate "2024.10.14"]
[SourceVersion "1"]
[SourceVersionDate "2024.10.14"]
[SourceQuality "1"]
[WhiteTeam "Bratislava Lokomotiva"]
[BlackTeam "Trnava Sered"]
[WhiteTeamCountry "SVK"]
[BlackTeamCountry "SVK"]

1. d4 Nf6 2. Nf3 g6 3. Bg5 Bg7 4. Nbd2 0-0 5. c3 d6 6. e4 Nc6 7. Be2 e5 8. dxe5 dxe5 9. 0-0 h6 10. Bh4 Qe7 11. Qc2 g5 12. Bg3 Nh5 1/2-1/2

[Event "AUT-chT2O 2324"]
[Site "Austria"]
[Date "2023.10.15"]
[Round "3.2"]
[White "Lipka, Juraj"]
[Black "Videki, Sandor"]
[Result "1/2-1/2"]
[WhiteElo "2370"]
[BlackElo "2350"]
[PlyCount "60"]
[EventDate "2023.10.13"]
[EventType "team-tourn"]
[EventRounds "11"]
[EventCountry "AUT"]
[SourceTitle "EXT 2025"]
[Source "ChessBase"]
[SourceDate "2024.10.14"]
[SourceVersion "1"]
[SourceVersionDate "2024.10.14"]
[SourceQuality "1"]
[WhiteTeam "Pamhagen"]
[BlackTeam "Pressbaum"]
[WhiteTeamCountry "AUT"]
[BlackTeamCountry "AUT"]

1. d4 d5 2. c4 c6 3. cxd5 cxd5 4. Nc3 Nf6 5. Nf3 Nc6 6. Bf4 Bf5 7. e3 e6 8. Bd3 Bxd3 9. Qxd3 Bd6 10. Bxd6 Qxd6 11. 0-0 0-0 12. Rac1 Rfc8 13. h3 h6 14. Rfd1 Qd8 15. Ne2 Na5 16. Nd2 Rxc1 17. Rxc1 Rc8 18. Rxc8 Qxc8 19. Qc3 Qxc3 20. Nxc3 Kf8 21. Kf1 Ke7 22. Ke2 a6 23. Kd3 Nc6 24. a3 Kd6 25. Nb3 b6 26. Nd2 e5 27. dxe5+ Nxe5+ 28. Kd4 Nc6+ 29. Kd3 Ne5+ 30. Kd4 Nc6+ 1/2-1/2

[Event "Bratislava exe op"]
[Site "Bratislava"]
[Date "2023.09.22"]
[Round "8"]
[White "Lipka, Juraj"]
[Black "Elias, David"]
[Result "0-1"]
[WhiteElo "2383"]
[BlackElo "2256"]
[PlyCount "106"]
[EventDate "2023.09.15"]
[EventType "swiss"]
[EventRounds "9"]
[EventCountry "SVK"]
[SourceTitle "CBM 216 Extra"]
[Source "ChessBase"]
[SourceDate "2023.11.30"]
[SourceVersion "1"]
[SourceVersionDate "2023.11.30"]
[SourceQuality "1"]

1. Nf3 Nf6 2. c4 g6 3. d4 Bg7 4. g3 0-0 5. Bg2 d6 6. 0-0 c5 7. d5 b5 8. cxb5 a6 9. bxa6 Bxa6 10. Nc3 Nbd7 11. Rb1 Qa5 12. Bd2 Rfb8 13. Qc2 Qc7 14. b3 Nb6 15. Nh4 Nbd7 16. Rfd1 Rb7 17. Be1 Rab8 18. Na4 Bb5 19. Nb2 Ra7 20. a4 Ba6 21. Nc4 Nb6 22. Na5 Bb7 23. Nxb7 Rbxb7 24. e4 Nbd7 25. Nf3 Nb8 26. Bf1 Qd7 27. e5 dxe5 28. Nxe5 Qd6 29. Nc6 Ra8 30. Bg2 Na6 31. Na5 Rba7 32. Nc4 Qd8 33. d6 Rc8 34. Ba5 Qe8 35. Nb6 Rb8 36. d7 Nxd7 37. Bc6 Nb4 38. Nxd7 Nxc2 39. Nxb8 Qxb8 40. Rd8+ Qxd8 41. Bxd8 Nb4 42. Bb5 Nd5 43. Bc4 Ra8 44. Rd1 Bd4 45. Bxd5 Rxd8 46. Bf3 Rb8 47. Rd3 Rb6 48. a5 Ra6 49. Rxd4 cxd4 50. b4 d3 51. Kf1 Re6 52. b5 d2 53. Be2 Re5 0-1

[Event "Bratislava exe op"]
[Site "Bratislava"]
[Date "2023.09.18"]
[Round "4"]
[White "Lipka, Juraj"]
[Black "Manukonda, Arun"]
[Result "1-0"]
[WhiteElo "2383"]
[BlackElo "2070"]
[PlyCount "43"]
[EventDate "2023.09.15"]
[EventType "swiss"]
[EventRounds "9"]
[EventCountry "SVK"]
[SourceTitle "CBM 216 Extra"]
[Source "ChessBase"]
[SourceDate "2023.11.30"]
[SourceVersion "1"]
[SourceVersionDate "2023.11.30"]
[SourceQuality "1"]

1. d4 d5 2. c4 e6 3. Nf3 c5 4. e3 Nf6 5. Nc3 Nc6 6. a3 a6 7. Bd3 dxc4 8. Bxc4 b5 9. Ba2 Bb7 10. 0-0 Bd6 11. Qe2 0-0 12. dxc5 Bxc5 13. b4 Be7 14. Bb2 Qb6 15. e4 Rfd8 16. e5 Nd7 17. Ne4 Nf8 18. Nf6+ gxf6 19. exf6 Bd6 20. Ng5 h6 21. Qh5 hxg5 22. Qh6 1-0

[Event "Bratislava exe op"]
[Site "Bratislava"]
[Date "2023.09.17"]
[Round "3"]
[White "Dimitrov, Radoslav"]
[Black "Lipka, Juraj"]
[Result "1/2-1/2"]
[WhiteElo "2511"]
[BlackElo "2383"]
[PlyCount "90"]
[EventDate "2023.09.15"]
[EventType "swiss"]
[EventRounds "9"]
[EventCountry "SVK"]
[SourceTitle "CBM 216 Extra"]
[Source "ChessBase"]
[SourceDate "2023.11.30"]
[SourceVersion "1"]
[SourceVersionDate "2023.11.30"]
[SourceQuality "1"]

1. d4 d5 2. c4 e6 3. cxd5 exd5 4. Nc3 Nf6 5. Bg5 c6 6. e3 h6 7. Bh4 Bf5 8. Bd3 Bxd3 9. Qxd3 Be7 10. f3 0-0 11. Nge2 Re8 12. 0-0 Nbd7 13. Rad1 b5 14. Bf2 b4 15. Na4 Qa5 16. b3 Nb6 17. Nb2 c5 18. dxc5 Bxc5 19. Ra1 Rac8 20. Qd2 Nbd7 21. Nd3 Bd6 22. Rfc1 Ne5 23. a4 Qa6 24. Rxc8 Rxc8 25. Rc1 Rxc1+ 26. Nexc1 Qc8 27. Nxe5 Bxe5 28. Nd3 Bc3 29. Qd1 a5 30. g4 Qe6 31. Kg2 g5 32. h4 Nd7 33. hxg5 hxg5 34. Nc1 f5 35. gxf5 Qxf5 36. Qd3 Qe6 37. Ne2 g4 38. fxg4 Nc5 39. Qb5 Qe4+ 40. Kh2 Nd3 41. Ng3 Be5 42. Qe8+ Kg7 43. Qe7+ Kg6 44. Qe6+ Kg7 45. Qe7+ Kg6 1/2-1/2

[Event "SVK-chT1W 2223"]
[Site "Slovakia"]
[Date "2023.02.05"]
[Round "9.1"]
[White "Pacher, Milan"]
[Black "Lipka, Juraj"]
[Result "1/2-1/2"]
[WhiteElo "2392"]
[BlackElo "2380"]
[PlyCount "70"]
[EventDate "2022.10.15"]
[EventType "team-tourn"]
[EventRounds "11"]
[EventCountry "SVK"]
[SourceTitle "EXT 2024"]
[Source "ChessBase"]
[SourceDate "2023.10.10"]
[SourceVersion "1"]
[SourceVersionDate "2023.10.10"]
[SourceQuality "1"]
[WhiteTeam "Trnava Sered"]
[BlackTeam "Bratislava Lokomotiva"]
[WhiteTeamCountry "SVK"]
[BlackTeamCountry "SVK"]

1. e4 e5 2. Nf3 Nc6 3. Bc4 Nf6 4. d3 Bc5 5. c3 d6 6. Nbd2 0-0 7. h3 a5 8. 0-0 h6 9. Re1 Be6 10. Bb5 Qb8 11. Bxc6 bxc6 12. d4 exd4 13. cxd4 Ba7 14. b3 Qb5 15. a4 Qb7 16. Ba3 Rfb8 17. Re3 d5 18. e5 Ne4 19. Rc1 Qa6 20. Qc2 Bf5 21. Nxe4 dxe4 22. Nh4 Bh7 23. Qd2 Rd8 24. Bc5 Bxc5 25. Rxc5 Qb6 26. Rec3 Qb4 27. Rxc6 Qxd4 28. Qxd4 Rxd4 29. g4 Rd1+ 30. Kg2 Rd5 31. Rxc7 Rxe5 32. Rc8+ Re8 33. Rxe8+ Rxe8 34. Rc5 e3 35. Nf3 g5 1/2-1/2

[Event "AUT-chT2O 2223"]
[Site "Austria"]
[Date "2022.11.20"]
[Round "4.2"]
[White "Lipka, Juraj"]
[Black "Polak, Tomas"]
[Result "1/2-1/2"]
[WhiteElo "2383"]
[BlackElo "2502"]
[PlyCount "52"]
[EventDate "2022.10.15"]
[EventType "team-tourn"]
[EventRounds "11"]
[EventCountry "AUT"]
[SourceTitle "CBM 213 Extra"]
[Source "ChessBase"]
[SourceDate "2023.05.31"]
[SourceVersion "1"]
[SourceVersionDate "2023.05.31"]
[SourceQuality "1"]
[WhiteTeam "Pamhagen"]
[BlackTeam "Hietzing"]
[WhiteTeamCountry "AUT"]
[BlackTeamCountry "AUT"]

1. Nf3 Nf6 2. c4 b6 3. g3 Bb7 4. Bg2 g6 5. 0-0 Bg7 6. Nc3 0-0 7. d4 Ne4 8. Nxe4 Bxe4 9. Be3 c5 10. Qd2 d6 11. Bh6 Nc6 12. Bxg7 Kxg7 13. d5 Bxf3 14. Bxf3 Ne5 15. Bg2 f6 16. Rfc1 Qd7 17. f4 Nf7 18. a4 a6 19. Qd3 Rab8 20. e3 Rfe8 21. b3 Rb7 22. Ra2 Ra7 23. Bf3 Qh3 24. Bg2 Qd7 25. Bf3 Qh3 26. Bg2 Qd7 1/2-1/2

[Event "SVK-chT1W 2223"]
[Site "Slovakia"]
[Date "2022.11.06"]
[Round "4.1"]
[White "Sipos, Istvan"]
[Black "Lipka, Juraj"]
[Result "1/2-1/2"]
[WhiteElo "2456"]
[BlackElo "2385"]
[PlyCount "26"]
[EventDate "2022.10.15"]
[EventType "team-tourn"]
[EventRounds "11"]
[EventCountry "SVK"]
[SourceTitle "EXT 2024"]
[Source "ChessBase"]
[SourceDate "2023.10.10"]
[SourceVersion "1"]
[SourceVersionDate "2023.10.10"]
[SourceQuality "1"]
[WhiteTeam "Gabcikovo MSK"]
[BlackTeam "Bratislava Lokomotiva"]
[WhiteTeamCountry "SVK"]
[BlackTeamCountry "SVK"]

1. c4 e6 2. d4 d5 3. Nc3 c5 4. e3 Nf6 5. Nf3 a6 6. a3 dxc4 7. Bxc4 b5 8. Ba2 Bb7 9. 0-0 Nbd7 10. e4 cxd4 11. Nxd4 Bc5 12. Be3 0-0 13. f3 Ne5 1/2-1/2

[Event "SVK-chT 2223"]
[Site "Slovakia"]
[Date "2022.10.22"]
[Round "1.2"]
[White "Zpevak, Pavel"]
[Black "Lipka, Juraj"]
[Result "1/2-1/2"]
[WhiteElo "2328"]
[BlackElo "2383"]
[PlyCount "25"]
[EventDate "2022.10.22"]
[EventType "team-tourn"]
[EventRounds "11"]
[EventCountry "SVK"]
[SourceTitle "EXT 2024"]
[Source "ChessBase"]
[SourceDate "2023.10.10"]
[SourceVersion "1"]
[SourceVersionDate "2023.10.10"]
[SourceQuality "1"]
[WhiteTeam "Dubnica nad Vahom"]
[BlackTeam "Modra"]
[WhiteTeamCountry "SVK"]
[BlackTeamCountry "SVK"]

1. d4 d5 2. Nf3 Nf6 3. c4 e6 4. g3 Bb4+ 5. Bd2 Be7 6. Bg2 0-0 7. 0-0 c6 8. Qc2 Nbd7 9. Bf4 Nh5 10. Be3 Nhf6 11. Bf4 Nh5 12. Be3 Nhf6 13. Bg5 1/2-1/2

[Event "SVK-chT 2122"]
[Site "Slovakia"]
[Date "2022.06.10"]
[Round "9.1"]
[White "Lipka, Juraj"]
[Black "Gzib, David"]
[Result "1-0"]
[WhiteElo "2407"]
[BlackElo "1957"]
[PlyCount "109"]
[EventDate "2021.10.23"]
[EventType "team-tourn"]
[EventRounds "11"]
[EventCountry "SVK"]
[SourceTitle "EXT 2023"]
[Source "ChessBase"]
[SourceDate "2022.10.05"]
[SourceVersion "1"]
[SourceVersionDate "2022.10.05"]
[SourceQuality "1"]
[WhiteTeam "Modra"]
[BlackTeam "Osuske"]
[WhiteTeamCountry "SVK"]
[BlackTeamCountry "SVK"]

1. d4 Nf6 2. Nf3 b5 3. e4 Nxe4 4. Bxb5 c6 5. Bd3 d5 6. 0-0 Bf5 7. Re1 e6 8. Nbd2 Nd6 9. Nb3 Nd7 10. Bf4 Bxd3 11. cxd3 Be7 12. Rc1 Rc8 13. Re2 g5 14. Nxg5 Bxg5 15. Bxd6 Nf6 16. Be5 Bxc1 17. Qxc1 Rg8 18. Rc2 Nd7 19. Rxc6 Nb6 20. Rc5 Rxc5 21. dxc5 Nd7 22. Bg3 Qg5 23. Qc3 f5 24. c6 Nb6 25. h4 Qg7 26. Qe1 Kf7 27. Nc5 Qf6 28. Be5 Qxh4 29. Nb7 Nc8 30. c7 Qg5 31. Nd8+ Rxd8 32. cxd8Q Qxd8 33. Qc1 Qg8 34. Qc7+ Kg6 35. a4 Qf8 36. a5 h5 37. g3 Qg8 38. b4 h4 39. gxh4 Kh5+ 40. Bg3 Kg4 41. Kg2 Kh5 42. b5 Kh6 43. Kh2 Qf8 44. b6 axb6 45. axb6 Nxb6 46. Bf4+ Kh5 47. Qxb6 Qf6 48. Qe3 Qxh4+ 49. Qh3 Qxh3+ 50. Kxh3 Kg6 51. Kh4 Kf6 52. d4 Kg6 53. f3 Kf6 54. Kh5 Kf7 55. Be5 1-0

[Event "SVK-chT 2122"]
[Site "Slovakia"]
[Date "2022.05.07"]
[Round "7.1"]
[White "Gulbis, Adrian"]
[Black "Lipka, Juraj"]
[Result "0-1"]
[WhiteElo "2095"]
[BlackElo "2407"]
[PlyCount "60"]
[EventDate "2021.10.23"]
[EventType "team-tourn"]
[EventRounds "11"]
[EventCountry "SVK"]
[SourceTitle "EXT 2023"]
[Source "ChessBase"]
[SourceDate "2022.10.05"]
[SourceVersion "1"]
[SourceVersionDate "2022.10.05"]
[SourceQuality "1"]
[WhiteTeam "Podhajska Aquamarin"]
[BlackTeam "Modra"]
[WhiteTeamCountry "SVK"]
[BlackTeamCountry "SVK"]

1. d4 d5 2. c4 e6 3. Nc3 c6 4. e3 Nf6 5. Nf3 a6 6. a3 Nbd7 7. Bd3 dxc4 8. Bxc4 c5 9. dxc5 Bxc5 10. b4 Be7 11. Bb2 b5 12. Bb3 Bb7 13. 0-0 0-0 14. Qe2 Rc8 15. Rfd1 Qc7 16. Rac1 Qb8 17. e4 Rfd8 18. h3 Qf4 19. g3 Qb8 20. Qe3 Qa8 21. Re1 Rc7 22. Kh2 Rdc8 23. Ba2 Ne8 24. Nd2 a5 25. Nxb5 Rxc1 26. Rxc1 Rxc1 27. Bxc1 axb4 28. Qd4 Bc6 29. Bc4 bxa3 30. Na7 Bc5 0-1